Central Library OPAC University of Rajshahi

বেনজামিন ফ্রাঙ্কলিনের আত্নচরিত : (Record no. 48968)

MARC details
000 -LEADER
fixed length control field 01321nam a2200241 a 4500
001 - CONTROL NUMBER
control field 48968
003 - CONTROL NUMBER IDENTIFIER
rucl marc code BD-RjUL
005 - DATE AND TIME OF LATEST TRANSACTION
control field 20211209054621.0
008 - FIXED-LENGTH DATA ELEMENTS--GENERAL INFORMATION
fixed length control field 160817s1967 bg ||||| |||| 00| 0 ben d
035 ## - SYSTEM CONTROL NUMBER
System control number (BD-RjUL)49087
040 ## - CATALOGING SOURCE
Original cataloging agency BD-RjUL
Language of cataloging ben
Transcribing agency BD-RjUL
041 ## - LANGUAGE CODE
Language code of text/sound track or separate title ben
082 ## - DEWEY DECIMAL CLASSIFICATION NUMBER
Edition number 23
Classification number 973.3092
Author mark and year FRB 1967
100 ## - MAIN ENTRY--PERSONAL NAME
Personal name ফ্রাঙ্কলিন, বেনজামিন
9 (RLIN) 147441
245 ## - TITLE STATEMENT
Title বেনজামিন ফ্রাঙ্কলিনের আত্নচরিত :
Remainder of title আমেরিকান ফিলসফিক্যাল সোসাইটি ও ইয়েল বিশ্ববিদ্যালয় কর্তৃক সংগ্রথিত /
Statement of responsibility, etc. বেনজামিন ফ্রাঙ্কলিন ; অনুবাদ মেসবাহ- উল হক
260 ## - PUBLICATION, DISTRIBUTION, ETC. (IMPRINT)
Place of publication, distribution, etc. চট্টগ্রাম :
Name of publisher, distributor, etc. পিপল্‌স পাবলিকেশন্স,
Date of publication, distribution, etc. ১৯৬৭
300 ## - PHYSICAL DESCRIPTION
Pagination ৩১০ পৃ. ;
Size ২১ সেমি.
504 ## - BIBLIOGRAPHY, ETC. NOTE
Bibliography, etc নির্বাচিত জীবনী সংযুক্ত
600 ## - SUBJECT ADDED ENTRY--PERSONAL NAME
Personal name ফ্রাঙ্কলিন, বেনজামিন
Dates associated with a name ১৭০৬-১৭৯০
650 ## - SUBJECT ADDED ENTRY--TOPICAL TERM
Topical term or geographic name as entry element Franklin, Benjamin,
9 (RLIN) 147443
Form subdivision 1706-1790
700 ## - ADDED ENTRY--PERSONAL NAME
Personal name হক, মেসবাহ- উল , অনুবাদক
942 ## - ADDED ENTRY ELEMENTS (KOHA)
Source of classification or shelving scheme Dewey Decimal Classification
Koha item type Books
Holdings
Lost status Source of classification or shelving scheme Damaged status Not for loan Collection code Permanent Location Current Location Shelving location Date acquired Source of acquisition Cost, normal purchase price Total Checkouts Full call number Date last seen Copy number Koha item type
  Dewey Decimal Classification     Non-fiction Central Library, University of Rajshahi Central Library, University of Rajshahi   19/07/1968 Nowrose, Dhaka 5.00   B 973.3092 FRB 1967 17/08/2016 C-2 Books
  Dewey Decimal Classification   Not For Loan Non-fiction Central Library, University of Rajshahi Central Library, University of Rajshahi Reading Room 19/07/1968 Naoroh, kitabisthan: Dhaka. 5.00   B 973.3092 FRB 1967 27/02/2017 C-1 Books